00651nam a2200217 a 450000100060000000300080000600500170001400800410003102000150007203500190008704000270010604100080013308200270014110000220016824500890019026000560027930000260033550000200036150400300038165000220041157580BD-RjUL20211209080530.0161210s1975 cau b 001 0 eng  a0520028422 a(BD-RjUL)57704 aDLCcDLCdBD-RjULbeng aeng00a338.0952223bONP 19751 aAllinson, Gary D.10aJapanese urbanism :bindustry and politics in Kariya, 1872-1972 /cGary D. Allinson. aBerkeley :bUniversity of California Press,cc1975. axiv, 276 p. ;c25 cm. aIncludes index. aBibliography: p. 263-271. 0aIndustrieszJapan